Economics

Gespeichert in:
Bibliographische Detailangaben
1. Verfasser: Lipsey, Richard G.
Weitere Verfasser: Chrystal, K. Alec
Format: Buch
Sprache:Englisch
Veröffentlicht: New York Oxford University Press 2007
Ausgabe:11. ed.
Schlagworte:
Tags: Tag hinzufügen
Keine Tags, Fügen Sie das erste Tag hinzu!

MARC

LEADER 00000nam$a2200000$$$4500
001 0056268
005 20240306135636.2
020 |a 978-0-19-928641-6 
041 0 |a eng 
044 |a US 
245 1 0 |a Economics  |c Lipsey & Chrystal 
250 |a 11. ed. 
264 1 |a New York  |b Oxford University Press  |c 2007 
300 |a 665 s. 
610 2 0 |a veda ekonomická 
610 2 0 |a mikroekonomika 
610 2 0 |a makroekonomika 
610 2 0 |a ekonómia 
610 2 0 |a trh 
610 2 0 |a spotrebitelia 
610 2 0 |a firmy 
610 2 0 |a politika peňažná 
610 2 0 |a inflácia 
610 2 0 |a nezamestnanosť 
610 2 0 |a rast hospodársky 
610 2 0 |a obchod medzinárodný 
100 1 |a Lipsey, Richard G. 
700 1 |a Chrystal, K. Alec